01490nam a2200433 i 450000100060000000300090000600500170001500800390003202000150007102200140008604000360010004100160013608000080015208000090016008000100016908000080017908000100018708000080019724500850020526000360029030000820032633600270040833700540043533800280048938000160051738800100053349000790054350000360062250400350065854600440069354600280073765000100076565800300077565800210080570000320082671000330085883000670089185600980095840773KOSZ 00520210419135740.0 s2002 pl f |000 0 pol a8371642687 a1230-2562 cKOSZ 005aKOSZ 005dKOSZ 005/EG0 aplbengger  a913 a7.03 a(091) a(4) a556.5 a50200aRzeki :bkultura, cywilizacja, historia.nT. 10 /cpod red. Jerzego Kułtuniaka. aKatowice :b"Śląsk",c2002. a288 s., [26] s.tabl. kolor. :bfaks., fot. kolor., mapy, pl., wykr. ;c24 cm. 2rdacontentaTekstbtxt 2rdamediaaBez urządzenia pośredniczącegobn 2rdacarrieraWoluminbnc aKsiążki a2001-1 aBiblioteka Zespołu Organizatorów Przestrzennego Muzeum Odry,x1230-2562 aWstęp, streszcz. ang. i niem. aBibliogr. przy poszcz. rozdz.  aSpis treści również ang. i niem.  aStreszcz. ang. i niem.  7aRzeki aGeografia i nauki o Ziemi aKultura i sztuka1 aKułtyniak, JerzyeRedakcja2 aWydawnictwo "Śląsk"4pbl aBiblioteka Zespołu Organizatorów Przestrzennego Muzeum Odry uhttp://koha.tu.koszalin.pl/cgi-bin/koha/opac-detail.pl?biblionumber=40773yKatalog online BPK